01089nam a2200301 k 4500001001300000005001500013008004100028020003300069040001900102041001300121049001700134056001100151090001900162100002800181245016500209246007100374260002500445300003200470500003300502504003000535546004100565653004600606700002800652700001400680740006200694900002000756950001100776KMO20260105520260331091125260328s2025 ulkad 001 kor a9791193528860g03900c\38000 a146043c1460431 akorheng0 lMEM000012632 a90926 a909b자821ㅇ1 a자카리아, 파리드10a역사는 어떻게 진보하고 왜 퇴보하는가b1600년부터 오늘까지, 진보와 반동의 세계사d파리드 자카리아 지음e김종수 옮김19aAge of revolutionsbprogress and backlash from 1600 to the present a서울b부키c2025 a600p.b삽화, 도표c22cm a원저자명: Fareed Zakaria a색인(p. 572-600) 수록 a영어 원작을 한국어로 번역 a역사a퇴보a진보a반동a세계사1 a자카리아, 파리드1 a김종수02a1600년부터 오늘까지, 진보와 반동의 세계사10aZakaria, Fareed0 b\38000 |
|---|